000 00344nam a2200133 i 4500
001 bg
100 1 _aSZWALBE, J.
245 0 _aBadanie potrzeb użytkowników informacji w Polsce w latach 1976-1982 /
_cJ. Szwalbe.
260 _aWarszawa,
_c1986.
040 _cBPK
041 _apol
942 _cKS
008 s pl f |000 0 pol
999 _c23174
_d23174
856 _uhttp://koha.tu.koszalin.pl/cgi-bin/koha/opac-detail.pl?biblionumber=23174
_yKatalog online BPK